[Event "Junior Online 4NCL Div 2 Playoff"]
[Site "online"]
[Date "2020.11.26"]
[Round "8.13"]
[White "Tandon, Ashley"]
[Black "Triffitt, Bradley"]
[Result "0-1"]
[WhiteElo "911"]
[BlackElo "1555"]
[PlyCount "170"]
[EventDate "2020.11.26"]
[WhiteTeam "East Kilbride Knights"]
[BlackTeam "Hull and Friends 2"]

1. d4 Nf6 2. c4 d6 3. Nc3 g6 4. e4 Bg7 5. f3 O-O 6. Be3 Re8 7. Nge2 Nc6 8. Ng3
e5 9. d5 Nb8 10. Be2 Nfd7 11. O-O Na6 12. a3 Nab8 13. b4 a5 14. Qb3 axb4 15.
axb4 Rxa1 16. Rxa1 Na6 17. Nh1 f5 18. Nf2 fxe4 19. fxe4 Rf8 20. Nd3 Qh4 21. Bf2
Qf6 22. Rf1 Qe7 23. c5 Kh8 24. cxd6 cxd6 25. Na4 Nf6 26. Bf3 Nc7 27. Rc1 Nb5
28. Qc4 Bd7 29. Nb6 Be8 30. Nc8 Qd7 31. Na7 Nxa7 32. Bxa7 Qb5 33. Nb2 Qa6 34.
Qxa6 bxa6 35. Re1 Bb5 36. Be2 Rf7 37. Bxb5 axb5 38. Bb6 Rb7 39. Ba5 Nh5 40. Nd1
Nf4 41. Nc3 Nd3 42. Rd1 Nb2 43. Rd2 Nc4 44. Ra2 Bh6 45. Nd1 Rf7 46. Rf2 Ra7 47.
Ra2 Rf7 48. h3 Ne3 49. Nxe3 Bxe3+ 50. Kh2 Ra7 51. Re2 Bd4 52. Bd8 Ra4 53. Ba5
Bc3 54. Rf2 Bxb4 55. Bxb4 Rxb4 56. Rf6 Rxe4 57. Rxd6 Rd4 58. Rd8+ Kg7 59. d6
Kf7 60. Rb8 b4 61. d7 Ke7 62. d8=Q+ Rxd8 63. Rxb4 Kf6 64. g4 Kg5 65. Kg3 Rd3+
66. Kg2 Rd4 67. Rb3 Kf4 68. Rf3+ Ke4 69. Rf2 Ke3 70. Rf3+ Kd2 71. Rf2+ Kc3 72.
Rf3+ Rd3 73. h4 Rxf3 74. Kxf3 Kd3 75. Kf2 e4 76. Ke1 h5 77. gxh5 gxh5 78. Kd1
e3 79. Ke1 e2 80. Kf2 Kd2 81. Kg3 e1=Q+ 82. Kh3 Qe3+ 83. Kg2 Ke1 84. Kh2 Kf1
85. Kh1 Qh3# 0-1

[Event "Junior Online 4NCL Div 2 Playoff"]
[Site "online"]
[Date "2020.11.26"]
[Round "8.14"]
[White "Wood, Philip A"]
[Black "Nagar, Nikunj"]
[Result "1-0"]
[WhiteElo "1532"]
[BlackElo "653"]
[PlyCount "145"]
[EventDate "2020.11.26"]
[WhiteTeam "Hull and Friends 2"]
[BlackTeam "East Kilbride Knights"]

1. d4 d5 2. Nc3 Bf5 3. Bf4 Nf6 4. Nb5 e5 5. Bxe5 Bd6 6. Bxd6 cxd6 7. Nf3 Qa5+
8. Nc3 Ne4 9. Qd3 Nxc3 10. Qxc3 Qxc3+ 11. bxc3 Bxc2 12. e3 Be4 13. Be2 Nc6 14.
O-O O-O 15. h3 Rfe8 16. Rac1 Na5 17. Nd2 Nc4 18. Nxc4 dxc4 19. Bxc4 d5 20. Be2
a6 21. c4 dxc4 22. Bxc4 Rac8 23. Bb3 Bc6 24. Rfd1 Bd7 25. Bd5 Rxc1 26. Rxc1 Rc8
27. Rxc8+ Bxc8 28. Kf1 Kf8 29. Ke2 Ke7 30. e4 Kd6 31. Bxf7 Bd7 32. Bc4 Bc6 33.
Ke3 b5 34. Bb3 Bd7 35. f4 h5 36. e5+ Ke7 37. Ke4 g6 38. d5 Bf5+ 39. Kd4 Bd7 40.
e6 Bc8 41. Ke5 Bb7 42. d6+ Kd8 43. e7+ Ke8 44. Ke6 Bc8+ 45. Ke5 Bd7 46. Be6 Bc6
47. g3 a5 48. f5 gxf5 49. Kxf5 a4 50. g4 Bd7 51. Bxd7+ Kxd7 52. Kf6 b4 53. Kf7
b3 54. e8=Q+ Kxd6 55. Qe6+ Kc5 56. axb3 a3 57. Qa6 Kb4 58. Ke6 Kxb3 59. Qb5+
Ka2 60. Ke5 hxg4 61. hxg4 Ka1 62. Qf1+ Ka2 63. Kd4 Kb2 64. g5 Ka2 65. g6 Kb2
66. g7 a2 67. Qe2+ Kb1 68. Qxa2+ Kxa2 69. g8=Q+ Ka1 70. Qg2 Kb1 71. Qd2 Ka1 72.
Kc3 Kb1 73. Qb2# 1-0

[Event "Junior Online 4NCL Div 2 Playoff"]
[Site "online"]
[Date "2020.11.26"]
[Round "8.15"]
[White "Rich, Aaron"]
[Black "Madhavan, Sanjith"]
[Result "1-0"]
[WhiteElo "1615"]
[BlackElo "1466"]
[PlyCount "47"]
[EventDate "2020.11.26"]
[WhiteTeam "Hull and Friends 2"]
[BlackTeam "East Kilbride Knights"]

1. b3 Nf6 2. Bb2 g6 3. e3 Bg7 4. f4 O-O 5. Nf3 d5 6. c4 c5 7. cxd5 Nxd5 8. Bxg7
Kxg7 9. Bc4 Nb6 10. Be2 Nc6 11. Nc3 Re8 12. O-O e5 13. Ne1 exf4 14. Rxf4 Nd5
15. Nxd5 Qxd5 16. Bc4 Qe5 17. Rxf7+ Kh8 18. Nf3 Qh5 19. Qc1 Bg4 20. Qc3+ Ne5
21. Nxe5 Qxe5 22. Rf8+ Kg7 23. Qxe5+ Rxe5 24. Rxa8 1-0

[Event "Junior Online 4NCL Div 2 Playoff"]
[Site "online"]
[Date "2020.11.26"]
[Round "8.16"]
[White "Shrestha, Unnabh"]
[Black "Wood, Gabriel"]
[Result "1-0"]
[WhiteElo "1084"]
[BlackElo "1600"]
[PlyCount "59"]
[EventDate "2020.11.26"]
[WhiteTeam "East Kilbride Knights"]
[BlackTeam "Hull and Friends 2"]

1. d4 Nf6 2. Bf4 e6 3. e3 d5 4. Nf3 Bd6 5. Bg3 c6 6. c3 Qc7 7. Bd3 Nbd7 8. Nbd2
b6 9. Qc2 c5 10. a3 c4 11. Be2 b5 12. e4 O-O 13. e5 Bxe5 14. Nxe5 a5 15. Ng6 e5
16. Nxf8 Kxf8 17. Nf3 Ne4 18. Nxe5 Nxg3 19. Nxd7+ Bxd7 20. hxg3 Re8 21. O-O g6
22. Rfe1 Bf5 23. Qd2 Qd6 24. Qf4 Qe6 25. Bf3 Qxe1+ 26. Rxe1 Rxe1+ 27. Kh2 Rb1
28. Bxd5 Rxb2 29. g4 Bd7 30. Qxf7# 1-0

[Event "Junior Online 4NCL Div 2 Playoff"]
[Site "online"]
[Date "2020.11.26"]
[Round "8.17"]
[White "Triffitt, Bradley"]
[Black "Tandon, Ashley"]
[Result "0-1"]
[WhiteElo "1555"]
[BlackElo "911"]
[PlyCount "100"]
[EventDate "2020.11.26"]
[WhiteTeam "Hull and Friends 2"]
[BlackTeam "East Kilbride Knights"]

1. d4 Nf6 2. c4 c5 3. d5 e6 4. dxe6 fxe6 5. Nc3 d5 6. Bg5 Be7 7. e3 O-O 8. Qc2
Nc6 9. cxd5 exd5 10. Bxf6 Bxf6 11. Nxd5 Qa5+ 12. Nc3 Bf5 13. Qb3+ Kh8 14. Be2
Nb4 15. Rc1 Nxa2 16. Rc2 Bxc2 17. Qxc2 Nxc3 18. bxc3 Bxc3+ 19. Kf1 Qa1+ 20. Qd1
Qxd1+ 21. Bxd1 b5 22. Nf3 a5 23. Ke2 a4 24. Bc2 a3 25. Nd2 Bxd2 26. Kxd2 Rxf2+
27. Kc3 b4+ 28. Kb3 c4+ 29. Kxc4 Rxc2+ 30. Kxb4 Rxg2 31. Kc3 a2 32. Ra1 Rxh2
33. e4 Re2 34. Kd3 Rb2 35. Rc1 a1=Q 36. Rc7 Qa3+ 37. Kd4 Qd6+ 38. Ke3 Qxc7 39.
Kf3 Ra3+ 40. Kg4 Rg2+ 41. Kf5 g6+ 42. Ke6 Qc8+ 43. Kd6 Ra6+ 44. Ke5 Rg5+ 45.
Kf4 Qg4+ 46. Ke3 Ra3+ 47. Kd4 Ra4+ 48. Ke3 Qxe4+ 49. Kd2 Rg2+ 50. Kc3 Ra3# 0-1

[Event "Junior Online 4NCL Div 2 Playoff"]
[Site "online"]
[Date "2020.11.26"]
[Round "8.18"]
[White "Nagar, Nikunj"]
[Black "Wood, Philip A"]
[Result "0-1"]
[WhiteElo "653"]
[BlackElo "1532"]
[PlyCount "58"]
[EventDate "2020.11.26"]
[WhiteTeam "East Kilbride Knights"]
[BlackTeam "Hull and Friends 2"]

1. e4 e5 2. Nf3 Nc6 3. Bc4 Bc5 4. Nc3 Nf6 5. Ng5 O-O 6. d3 h6 7. Nf3 d6 8. Be3
Bb6 9. Nd5 Be6 10. Nxf6+ Qxf6 11. Bxe6 fxe6 12. Bxb6 axb6 13. O-O d5 14. exd5
exd5 15. Qd2 e4 16. dxe4 dxe4 17. Qd5+ Kh8 18. Qxe4 Qxb2 19. Rfb1 Qf6 20. Re1
Qf7 21. Ne5 Qxf2+ 22. Kh1 Nxe5 23. Qxe5 Qxc2 24. Qd5 c6 25. Qe6 Qf2 26. Qc4 b5
27. Qd3 Rxa2 28. Rxa2 Qxe1+ 29. Qf1 Rxf1# 0-1

[Event "Junior Online 4NCL Div 2 Playoff"]
[Site "online"]
[Date "2020.11.26"]
[Round "8.21"]
[White "Li, Ethan"]
[Black "Munshi, Aryan"]
[Result "1-0"]
[WhiteElo "1840"]
[BlackElo "1403"]
[PlyCount "101"]
[EventDate "2020.11.26"]
[WhiteTeam "May The Fork Be With You 1"]
[BlackTeam "Phones Juniors A"]

1. e4 e5 2. Nf3 Nc6 3. Bb5 Nf6 4. d3 d6 5. h3 Be7 6. O-O O-O 7. Re1 a6 8. Ba4
b5 9. Bb3 Na5 10. Nbd2 Nxb3 11. axb3 Bb7 12. Nf1 Nd7 13. Ng3 Bh4 14. Nxh4 Qxh4
15. Nf5 Qf6 16. Re3 d5 17. Qg4 Nc5 18. Rg3 g6 19. Bh6 Rfe8 20. Bg5 Qe6 21. Qh4
dxe4 22. Ne7+ Rxe7 23. Bxe7 Nd7 24. dxe4 f6 25. Bb4 c5 26. Bd2 c4 27. b4 Nb6
28. Bh6 Rd8 29. Qh5 Qf7 30. Rd1 Rd4 31. Rxd4 exd4 32. Qc5 Nd7 33. Qxd4 Qe7 34.
Re3 Ne5 35. f4 Nc6 36. Qd5+ Kh8 37. Qc5 Qf7 38. Qf8+ Qxf8 39. Bxf8 Kg8 40. Bc5
Kf7 41. Kf2 Nd8 42. e5 fxe5 43. Rxe5 Ne6 44. g4 Bc6 45. Ke3 Kf6 46. g5+ Kf7 47.
h4 Be8 48. f5 gxf5 49. Rxf5+ Kg6 50. Rf6+ Kh5 51. Rh6+ 1-0

[Event "Junior Online 4NCL Div 2 Playoff"]
[Site "online"]
[Date "2020.11.26"]
[Round "8.22"]
[White "Vadalia, Jainill"]
[Black "Le, Anh Dung"]
[Result "1-0"]
[WhiteElo "1140"]
[BlackElo "1900"]
[PlyCount "83"]
[EventDate "2020.11.26"]
[WhiteTeam "Phones Juniors A"]
[BlackTeam "May The Fork Be With You 1"]

1. d4 d5 2. c4 e5 3. dxe5 d4 4. e3 Bb4+ 5. Bd2 dxe3 6. Qa4+ Nc6 7. Bxb4 exf2+
8. Kxf2 Qh4+ 9. Ke2 Qe4+ 10. Kd2 Qd4+ 11. Kc1 Bf5 12. Nf3 Qb6 13. a3 a5 14. c5
Qa7 15. Bd2 Qxc5+ 16. Nc3 O-O-O 17. Bb5 Nge7 18. Bxc6 Nxc6 19. Qb5 Qf2 20. Qf1
Qc5 21. Qg1 Qd5 22. Nxd5 Rxd5 23. Nh4 Be4 24. Qe3 Rxe5 25. Bc3 Re6 26. Qg3 Rd8
27. Rd1 Rde8 28. b3 Ne5 29. Bxe5 Rxe5 30. Kb2 c6 31. Rac1 g6 32. Nf3 R5e7 33.
Qg4+ Bf5 34. Qg3 Re2+ 35. Ka1 R2e3 36. Qg5 Rxb3 37. Qd2 Rxa3+ 38. Kb2 Rae3 39.
Re1 R3e7 40. Rxe7 Rxe7 41. Re1 Rd7 42. Qxa5 1-0

[Event "Junior Online 4NCL Div 2 Playoff"]
[Site "online"]
[Date "2020.11.26"]
[Round "8.23"]
[White "Anand, Dhriti"]
[Black "Suyal, Nivedita"]
[Result "1-0"]
[WhiteElo "1495"]
[BlackElo "1072"]
[PlyCount "77"]
[EventDate "2020.11.26"]
[WhiteTeam "May The Fork Be With You 1"]
[BlackTeam "Phones Juniors A"]

1. b3 e5 2. Bb2 Nc6 3. e3 Nf6 4. Bb5 d6 5. Ne2 Bd7 6. d4 e4 7. d5 Nb8 8. Bxd7+
Nbxd7 9. c4 Be7 10. Nd2 O-O 11. O-O Re8 12. Rc1 c6 13. Ng3 cxd5 14. Bxf6 Nxf6
15. cxd5 Bf8 16. Nc4 b5 17. Na3 a6 18. Nc2 Rc8 19. Nb4 Rxc1 20. Qxc1 Qa8 21.
Rd1 a5 22. Nc6 Rc8 23. Qb2 Nxd5 24. Rxd5 Qxc6 25. Rd1 Qd7 26. Nxe4 b4 27. Ng3
Qg4 28. Re1 Qg6 29. h3 d5 30. Re2 Bd6 31. Kh2 Bxg3+ 32. fxg3 h6 33. Qd2 Rd8 34.
e4 Qe6 35. exd5 Rxd5 36. Qc2 Qd7 37. Qe4 Qd8 38. Qg4 Rg5 39. Qf4 1-0

[Event "Junior Online 4NCL Div 2 Playoff"]
[Site "online"]
[Date "2020.11.26"]
[Round "8.24"]
[White "Lukhi, Neev"]
[Black "Yedid, Lior"]
[Result "1-0"]
[WhiteElo "1003"]
[BlackElo "1532"]
[PlyCount "175"]
[EventDate "2020.11.26"]
[WhiteTeam "Phones Juniors A"]
[BlackTeam "May The Fork Be With You 1"]

1. d4 Nf6 2. Bf4 e6 3. Nf3 d5 4. e3 b6 5. Nbd2 Bb7 6. c3 Nbd7 7. Bd3 c5 8. O-O
c4 9. Bc2 Be7 10. b3 b5 11. a4 a6 12. axb5 axb5 13. bxc4 bxc4 14. Re1 Rxa1 15.
Qxa1 O-O 16. e4 Re8 17. Ne5 Nh5 18. Be3 g6 19. Nxd7 Qxd7 20. exd5 exd5 21. Nf3
Ra8 22. Qb1 Bd6 23. Bd2 Ra3 24. Bh6 Rxc3 25. Qxb7 Qd8 26. Ba4 Ng7 27. Bxg7 Kxg7
28. Qd7 Qb8 29. Ng5 Qc7 30. Qxc7 Bxc7 31. g3 h6 32. Nh3 g5 33. Re7 Bb6 34. Rd7
Rd3 35. Rxd5 Bxd4 36. Rd7 c3 37. Rc7 Be5 38. Rc5 f6 39. Kg2 Kf7 40. Ng1 Ke6 41.
Nf3 Kd6 42. Rc6+ Kd5 43. Nxe5 Kxe5 44. Bb5 Rd5 45. Bf1 Kd4 46. Rc4+ Ke5 47.
Rxc3 f5 48. Re3+ Kf6 49. Bc4 Rd6 50. h4 gxh4 51. gxh4 Rd4 52. Re6+ Kg7 53. Ba2
Rxh4 54. Re7+ Kf6 55. Rf7+ Kg5 56. Bb1 Rg4+ 57. Kf1 Rf4 58. Ke2 Kg6 59. Ra7 Rb4
60. Bd3 Rb2+ 61. Ke3 Rb6 62. Ra5 Rf6 63. Kf4 Rd6 64. Bxf5+ Kg7 65. Ra7+ Kf6 66.
Ra4 Rd2 67. f3 Rh2 68. Kg3 Rh1 69. Bg4 h5 70. Ra6+ Kg7 71. Bf5 Rg1+ 72. Kf4 h4
73. Ke5 Re1+ 74. Be4 h3 75. Rg6+ Kf8 76. Rh6 Rh1 77. Kf6 Ke8 78. Bc6+ Kd8 79.
f4 h2 80. Bxh1 Kd7 81. Ke5 Ke7 82. Rh7+ Kf8 83. Ke6 Kg8 84. Ra7 Kh8 85. Kf6 Kg8
86. Rb7 Kh8 87. Kg6 Kg8 88. Rb8# 1-0

[Event "Junior Online 4NCL Div 2 Playoff"]
[Site "online"]
[Date "2020.11.26"]
[Round "8.25"]
[White "Munshi, Aryan"]
[Black "Li, Ethan"]
[Result "0-1"]
[WhiteElo "1403"]
[BlackElo "1840"]
[PlyCount "70"]
[EventDate "2020.11.26"]
[WhiteTeam "Phones Juniors A"]
[BlackTeam "May The Fork Be With You 1"]

1. d4 Nf6 2. c4 g6 3. Nc3 Bg7 4. e4 d6 5. Nf3 O-O 6. Be2 e5 7. d5 a5 8. O-O Na6
9. h3 Nd7 10. Qc2 f5 11. Bg5 Qe8 12. exf5 gxf5 13. Qd2 f4 14. Ne4 Ndc5 15. Bd3
Nxe4 16. Bxe4 Nc5 17. Rae1 Nxe4 18. Rxe4 Bf5 19. Ree1 Qh5 20. g4 Bxg4 21. hxg4
Qxg4+ 22. Kh2 Qxf3 23. Qe2 Qxe2 24. Rxe2 Rf5 25. Rg1 Kf7 26. f3 h6 27. Bh4 Rh5
28. Kh3 Bf6 29. Rg4 Bxh4 30. Rxh4 Rxh4+ 31. Kxh4 Rg8 32. Rf2 Rg1 33. Kh5 Rh1+
34. Kg4 Kg6 35. b3 h5# 0-1

[Event "Junior Online 4NCL Div 2 Playoff"]
[Site "online"]
[Date "2020.11.26"]
[Round "8.26"]
[White "Le, Anh Dung"]
[Black "Vadalia, Jainill"]
[Result "1-0"]
[WhiteElo "1900"]
[BlackElo "1140"]
[PlyCount "59"]
[EventDate "2020.11.26"]
[WhiteTeam "May The Fork Be With You 1"]
[BlackTeam "Phones Juniors A"]

1. e4 c6 2. d4 d5 3. Nc3 dxe4 4. Nxe4 Bf5 5. Ng3 Bg6 6. h4 h6 7. Nf3 Nf6 8. h5
Bh7 9. Bd3 Bxd3 10. Qxd3 e6 11. Bd2 Nbd7 12. O-O-O Nb6 13. Rhe1 Bd6 14. Nf5 O-O
15. Nxh6+ gxh6 16. Bxh6 Nxh5 17. Bxf8 Kxf8 18. Rh1 Nf4 19. Qe4 Ke7 20. g3 Ng6
21. Rh7 Nd5 22. Qxg6 Qf8 23. Ng5 Kd8 24. Nxf7+ Kc8 25. Qxe6+ Kb8 26. Nxd6 Nc7
27. Qd7 Qxd6 28. Rh8+ Qf8 29. Rxf8+ Ne8 30. Qd8# 1-0

[Event "Junior Online 4NCL Div 2 Playoff"]
[Site "online"]
[Date "2020.11.26"]
[Round "8.27"]
[White "Suyal, Nivedita"]
[Black "Anand, Dhriti"]
[Result "0-1"]
[WhiteElo "1072"]
[BlackElo "1495"]
[PlyCount "92"]
[EventDate "2020.11.26"]
[WhiteTeam "Phones Juniors A"]
[BlackTeam "May The Fork Be With You 1"]

1. e4 c5 2. Nf3 d6 3. h3 Nc6 4. Nc3 e6 5. Bc4 Nf6 6. d3 a6 7. a3 b5 8. Ba2 Bb7
9. Bg5 Be7 10. O-O O-O 11. Re1 e5 12. Qd2 Nd7 13. Bxe7 Qxe7 14. Nd5 Qd8 15. c3
Ne7 16. Nxe7+ Qxe7 17. b4 Rac8 18. Rac1 Nf6 19. Bb3 c4 20. Bc2 cxd3 21. Bxd3
Nh5 22. Qe2 Nf4 23. Qd2 Qf6 24. Kh2 Rc7 25. Rc2 Bc8 26. Bf1 Qh6 27. Ng1 Qe6 28.
g3 Ng6 29. Rec1 f5 30. exf5 Rxf5 31. Bg2 e4 32. Rf1 Rcf7 33. Qe3 Rh5 34. h4
Nxh4 35. gxh4 Rxh4+ 36. Bh3 Qg6 37. Qg3 Qh6 38. Kg2 Rf6 39. Kh2 Rg6 40. Qe3 Rg5
41. Re2 Rgh5 42. Rc2 Rxh3+ 43. Nxh3 Rxh3+ 44. Kg2 Rh2+ 45. Kg1 Rh1+ 46. Kg2
Qh2# 0-1

[Event "Junior Online 4NCL Div 2 Playoff"]
[Site "online"]
[Date "2020.11.26"]
[Round "8.28"]
[White "Yedid, Lior"]
[Black "Lukhi, Neev"]
[Result "1/2-1/2"]
[WhiteElo "1532"]
[BlackElo "1003"]
[PlyCount "166"]
[EventDate "2020.11.26"]
[WhiteTeam "May The Fork Be With You 1"]
[BlackTeam "Phones Juniors A"]

1. e4 e6 2. d4 d5 3. e5 c5 4. c3 Nc6 5. Nf3 Qb6 6. Bd3 Bd7 7. dxc5 Bxc5 8. O-O
Nge7 9. b4 Bxb4 10. cxb4 Nxb4 11. a3 Nbc6 12. Nc3 Qc7 13. Be3 Nxe5 14. Bf4
Nxf3+ 15. Qxf3 Qxc3 16. Rfc1 Qf6 17. Rab1 Bc6 18. Qg3 O-O 19. Be5 Qh6 20. Bf4
Qh5 21. Rb4 Nf5 22. Bxf5 exf5 23. Bd6 Rfe8 24. Be5 Qg6 25. Qc3 d4 26. Qg3 Qxg3
27. Bxg3 d3 28. Rd4 Rad8 29. Rxd8 Rxd8 30. Rd1 g5 31. Bc7 Rd7 32. Be5 g4 33. g3
d2 34. Bf4 Bf3 35. Rxd2 Rxd2 36. Bxd2 a6 37. Bh6 f6 38. Be3 Kf7 39. Kf1 Kg6 40.
Ke1 h5 41. Bf4 b5 42. Kd2 a5 43. Bc7 a4 44. Bf4 Be4 45. Kc3 Bd5 46. Kb4 Bc4 47.
Be3 h4 48. gxh4 Kh5 49. Bd4 Kxh4 50. Bxf6+ Kh3 51. Be5 Kg2 52. Bg3 f4 53. Bxf4
Kxf2 54. Bg3+ Kf3 55. Bc7 Ke3 56. Bg3 Ke4 57. Bd6 Kd5 58. Bg3 Kc6 59. Be5 Be2
60. Bg3 Kd5 61. Bc7 Ke4 62. Bg3 Kd3 63. Kxb5 Bd1 64. Kb4 Kd2 65. Bf4+ Kd3 66.
Bg3 Bb3 67. Bf4 Kc2 68. Bg3 Kb1 69. Bd6 Ka2 70. Kc3 Kb1 71. Kd3 Kc1 72. Ke3 Kd1
73. Kf4 Be6 74. Ke4 Ke2 75. Kd4 Kf2 76. Ke5 Bd7 77. Kf4 Kg2 78. Ke4 Bc6+ 79.
Kf4 Bd7 80. Ke4 Be6 81. Ke5 Bd7 82. Kd4 Kh3 83. Bg3 Bc6 1/2-1/2

[Event "Junior Online 4NCL Division 3"]
[Site "online"]
[Date "2020.08.20"]
[Round "1.21"]
[White "Masood, Rameen"]
[Black "Bass, Finn"]
[Result "1-0"]
[WhiteElo "1097"]
[BlackElo "812"]
[PlyCount "43"]
[EventDate "2020.08.20"]
[WhiteTeam "Leicestershire Juniors 3"]
[BlackTeam "Rhodes Avenue Knights"]

1. e4 e5 2. Nf3 Nc6 3. Bc4 Nf6 4. Ng5 Qe7 5. d3 h6 6. Nf3 d6 7. O-O Bg4 8. h3
Bxf3 9. Qxf3 O-O-O 10. Qf5+ Rd7 11. Be3 Nb4 12. Na3 Nbd5 13. exd5 g6 14. Qf3 h5
15. Bxa7 b5 16. Bxb5 c6 17. dxc6 Rxa7 18. Qe3 Rc7 19. Ba6+ Kd8 20. Qb6 Nd5 21.
Qb8+ Rc8 22. Qxc8# 1-0

[Event "Junior Online 4NCL Division 3"]
[Site "online"]
[Date "2020.08.20"]
[Round "1.22"]
[White "O'Connor, Ethan"]
[Black "Abraham, Leo"]
[Result "0-1"]
[WhiteElo "875"]
[BlackElo "1015"]
[PlyCount "32"]
[EventDate "2020.08.20"]
[WhiteTeam "Rhodes Avenue Knights"]
[BlackTeam "Leicestershire Juniors 3"]

1. e4 e5 2. Nf3 Nc6 3. d3 Bc5 4. Ng5 h6 5. Nf3 Nf6 6. d4 exd4 7. c3 dxc3 8.
Nxc3 O-O 9. Nd4 Bxd4 10. Nd5 Bb6 11. Nxf6+ Qxf6 12. Qa4 Qxf2+ 13. Kd1 Re8 14.
b3 Nd4 15. Bd3 Rxe4 16. Bxe4 Qe2# 0-1

[Event "Junior Online 4NCL Division 3"]
[Site "online"]
[Date "2020.08.20"]
[Round "1.23"]
[White "Miles, Jacob"]
[Black "Wilson, Donnie"]
[Result "1-0"]
[WhiteElo "1022"]
[BlackElo "875"]
[PlyCount "25"]
[EventDate "2020.08.20"]
[WhiteTeam "Leicestershire Juniors 3"]
[BlackTeam "Rhodes Avenue Knights"]

1. e4 e5 2. Nf3 Qf6 3. Bc4 Qc6 4. d3 Qa4 5. b3 Qb4+ 6. c3 Qd6 7. O-O Qh6 8.
Bxh6 gxh6 9. Nxe5 Bg7 10. Nxf7 Bxc3 11. Nxc3 Nc6 12. Nxh8 Nd4 13. Bxg8 1-0

[Event "Junior Online 4NCL Division 3"]
[Site "online"]
[Date "2020.08.20"]
[Round "1.24"]
[White "Brown, Alex"]
[Black "Parizad, Anjal"]
[Result "0-1"]
[WhiteElo "800"]
[BlackElo "1000"]
[PlyCount "58"]
[EventDate "2020.08.20"]
[WhiteTeam "Rhodes Avenue Knights"]
[BlackTeam "Leicestershire Juniors 3"]

1. e4 e5 2. Qh5 Nf6 3. Qxe5+ Be7 4. Qg3 O-O 5. d4 Nxe4 6. Qg4 Nf6 7. Qg3 Bb4+
8. c3 Bd6 9. d5 Bxg3 10. hxg3 Qe7+ 11. Ne2 Nxd5 12. c4 Nf6 13. f4 Ne4 14. Nd4
Nxg3+ 15. Be3 Qxe3+ 16. Kd1 Nxh1 17. Nf5 Qxf4 18. Bd3 Nf2+ 19. Ke2 d6 20. Ne7+
Kh8 21. Nxc8 Re8+ 22. Kf1 Rxc8 23. Be2 Ne4+ 24. Ke1 Qf2+ 25. Kd1 Qxg2 26. Bf3
Qxf3+ 27. Ke1 Qf2+ 28. Kd1 Re8 29. Nd2 Qxd2# 0-1

[Event "Junior Online 4NCL Division 3"]
[Site "online"]
[Date "2020.08.20"]
[Round "1.25"]
[White "Bass, Finn"]
[Black "Masood, Rameen"]
[Result "1-0"]
[WhiteElo "812"]
[BlackElo "1097"]
[PlyCount "38"]
[EventDate "2020.08.20"]
[WhiteTeam "Rhodes Avenue Knights"]
[BlackTeam "Leicestershire Juniors 3"]

1. e4 e6 2. Nf3 Nc6 3. Nc3 d5 4. exd5 exd5 5. Bb5 Bd7 6. Bxc6 Bxc6 7. O-O Bc5
8. d4 Bb6 9. Bg5 Qd6 10. Re1+ Kf8 11. g3 Bd7 12. Bf4 Qf6 13. Bg5 Qg6 14. Nxd5
Ba5 15. Re2 Qc6 16. Nc3 Qxf3 17. Re3 Qc6 18. a3 Bh3 19. b4 Qg2# 1-0

[Event "Junior Online 4NCL Division 3"]
[Site "online"]
[Date "2020.08.20"]
[Round "1.26"]
[White "Abraham, Leo"]
[Black "O'Connor, Ethan"]
[Result "0-1"]
[WhiteElo "1015"]
[BlackElo "875"]
[PlyCount "102"]
[EventDate "2020.08.20"]
[WhiteTeam "Leicestershire Juniors 3"]
[BlackTeam "Rhodes Avenue Knights"]

1. e4 e5 2. Nf3 Nc6 3. Bc4 Nf6 4. Nc3 Bc5 5. d3 Ng4 6. O-O Qf6 7. Bg5 Qg6 8. h3
Nxf2 9. Rxf2 Bxf2+ 10. Kxf2 Nd4 11. Nxd4 Qxg5 12. Nf3 Qh5 13. Nd5 O-O 14. Nxc7
Rb8 15. Nd5 d6 16. Ne7+ Kh8 17. Kg1 Bxh3 18. gxh3 Qxh3 19. Qf1 Qg4+ 20. Kf2
Rfe8 21. Nf5 g6 22. Nxd6 Re7 23. Nxf7+ Rxf7 24. Bxf7 Rf8 25. Nxe5 Qf4+ 26. Ke2
Qxe5 27. Qh3 Rxf7 28. Qc8+ Kg7 29. c3 Qh2+ 30. Ke3 Qf4+ 31. Kd4 Qf6+ 32. Ke3
Qb6+ 33. Ke2 Qf2+ 34. Kd1 Qf1+ 35. Kc2 Qxa1 36. Kb3 Qd1+ 37. Kc4 Qa4+ 38. Kd5
Qa5+ 39. Kc4 Qxa2+ 40. b3 Qa6+ 41. Kb4 Qd6+ 42. Ka4 Qd7+ 43. Qxd7 Rxd7 44. d4
g5 45. b4 g4 46. d5 g3 47. c4 g2 48. e5 g1=Q 49. e6 Qa1+ 50. Kb5 Qa6+ 51. Kc5
Qb6# 0-1

[Event "Junior Online 4NCL Division 3"]
[Site "online"]
[Date "2020.08.20"]
[Round "1.27"]
[White "Wilson, Donnie"]
[Black "Miles, Jacob"]
[Result "1-0"]
[WhiteElo "875"]
[BlackElo "1022"]
[PlyCount "63"]
[EventDate "2020.08.20"]
[WhiteTeam "Rhodes Avenue Knights"]
[BlackTeam "Leicestershire Juniors 3"]

1. e4 e5 2. Qf3 Nf6 3. Bc4 Bc5 4. Qb3 O-O 5. Qg3 Nxe4 6. Qxe5 d6 7. Qxe4 Re8 8.
Qxe8+ Qxe8+ 9. Kf1 Qd8 10. c3 Qf6 11. d4 Bb6 12. Ne2 c5 13. Be3 Be6 14. dxc5
dxc5 15. Bxe6 Qxe6 16. Nf4 Qf5 17. Na3 c4 18. Nxc4 Bc5 19. Bxc5 Qxc5 20. Nd2
Qe7 21. Nd5 Qe8 22. Nc7 Nc6 23. Nxe8 Rxe8 24. Re1 Ne7 25. Nc4 b5 26. Nd6 Rd8
27. Rxe7 Kf8 28. Rxf7+ Kg8 29. Nb7 Rd1+ 30. Ke2 Rd6 31. Nxd6 Kh8 32. Rf8# 1-0

[Event "Junior Online 4NCL Division 3"]
[Site "online"]
[Date "2020.08.20"]
[Round "1.28"]
[White "Parizad, Anjal"]
[Black "Brown, Alex"]
[Result "0-1"]
[WhiteElo "1000"]
[BlackElo "800"]
[PlyCount "60"]
[EventDate "2020.08.20"]
[WhiteTeam "Leicestershire Juniors 3"]
[BlackTeam "Rhodes Avenue Knights"]

1. e4 e5 2. Nf3 Nf6 3. Bc4 Bc5 4. Nxe5 Nxe4 5. O-O Qf6 6. Nxf7 Bxf2+ 7. Rxf2
Qxf2+ 8. Kh1 Rf8 9. d3 Ng5 10. Bxg5 h6 11. Bd2 c6 12. Nc3 d5 13. Nd6+ Kd7 14.
Nxc8 Kxc8 15. Bb3 Rf6 16. Ne2 Rg6 17. g3 Rg5 18. Bxg5 hxg5 19. Nd4 Qxd4 20. c3
Qe3 21. Qg4+ Kc7 22. c4 Na6 23. cxd5 cxd5 24. Qd1 Rf8 25. Qc2+ Kb6 26. Rd1 Rf2
27. Qb1 Qf3+ 28. Kg1 Rg2+ 29. Kh1 Rf2+ 30. Kg1 Qg2# 0-1

[Event "Junior Online 4NCL Division 3"]
[Site "online"]
[Date "2020.08.20"]
[Round "1.31"]
[White "Vijayakumar, Rishi"]
[Black "Jessop, Osian"]
[Result "1-0"]
[WhiteElo "1002"]
[BlackElo "1442"]
[PlyCount "57"]
[EventDate "2020.08.20"]
[WhiteTeam "Dundee City"]
[BlackTeam "Border Bandits 2"]

1. Nf3 Nc6 2. d4 d5 3. e3 Nf6 4. Bb5 Bd7 5. O-O a6 6. Bxc6 Bxc6 7. Nc3 b5 8.
Ne5 Qd6 9. Ne2 Ne4 10. Nf4 f6 11. Qh5+ g6 12. Nfxg6 fxe5 13. Nxe5+ Kd8 14. Nf7+
Kc8 15. Nxd6+ cxd6 16. Qf5+ Bd7 17. Qxd5 Kc7 18. Qxa8 Bg7 19. Qxe4 Bc6 20.
Qxe7+ Kb6 21. Qxg7 Re8 22. b3 Bd5 23. Qd7 Rg8 24. Qxd6+ Bc6 25. d5 Ka7 26. Qc7+
Ka8 27. dxc6 Rxg2+ 28. Kxg2 h5 29. Qb7# 1-0

[Event "Junior Online 4NCL Division 3"]
[Site "online"]
[Date "2020.08.20"]
[Round "1.32"]
[White "Haddow, Dylan"]
[Black "Kanodia, Ramit"]
[Result "0-1"]
[WhiteElo "846"]
[BlackElo "900"]
[PlyCount "60"]
[EventDate "2020.08.20"]
[WhiteTeam "Border Bandits 2"]
[BlackTeam "Dundee City"]

1. e4 e5 2. Nf3 Nc6 3. Nc3 Nf6 4. Bc4 Bb4 5. a3 Bxc3 6. dxc3 d6 7. Ng5 O-O 8.
Be3 a6 9. Qd2 b5 10. Bd5 Bb7 11. Nxh7 Nxh7 12. Bh6 gxh6 13. Qxh6 Qf6 14. Qxf6
Nxf6 15. h4 Nxd5 16. exd5 Ne7 17. g4 Bxd5 18. Rh2 f6 19. O-O-O Kf7 20. g5 fxg5
21. hxg5 Rh8 22. Rxh8 Rxh8 23. g6+ Kxg6 24. Rg1+ Kf7 25. Kd2 Nf5 26. Ke2 Bc4+
27. Kf3 Nh4+ 28. Kg3 Rg8+ 29. Kh2 Nf3+ 30. Kh1 Rxg1# 0-1